|
|
|
|
| LEADER |
00000nam a2200000n 4500 |
| 001 |
vtls011967998 |
| 003 |
SK-MaSNL |
| 005 |
20260302023609.0 |
| 008 |
220105s1558 sz a 0 an0 lat |
| 015 |
|
|
|a SNBHFA1558
|
| 020 |
|
|
|q viazaná
|
| 035 |
|
|
|a urn:nbn:sk:snk-am00g6oz
|
| 035 |
|
|
|a urn:nbn:sk:snk-am3iwb8
|
| 035 |
|
|
|a CACEBD1E-DF49-46C3-BB0E-D0C0B9A86D3B
|
| 040 |
|
|
|a SNKHF
|b slo
|c SNK
|e AACR2
|
| 041 |
0 |
|
|a lat
|
| 044 |
|
|
|a sz
|c CH
|
| 072 |
|
7 |
|a 821.14'02.09
|x Grécka antická literatúra (o nej)
|2 konspekt
|
| 080 |
|
|
|a 821.14
|2 2001
|
| 100 |
0 |
|
|a Ezop,
|d 6. stor. pred Kr.
|4 aut
|9 172338
|
| 245 |
1 |
0 |
|a Aesopi Phrygis Fabvlae Graece Et Latine
|b Cum Aliis Qvibusdam opusculis, quorum Indicem, sequens pagella indicabit
|
| 260 |
|
|
|a Basileae
|b apud Nicol. Bryling.
|c Anno M.D.LVIII [1558]
|
| 300 |
|
|
|a [2], 440 s.
|c 10 cm
|
| 500 |
|
|
|a Titulný list so signetomDvojstĺpcová tlač. Zložky. Kustody
|
| 563 |
|
|
|a Väzba zreštaurovaná.
|5 SNK IE 8843
|
| 650 |
0 |
7 |
|a grécka antická literatúra
|2 SNKPH
|9 64066
|
| 700 |
1 |
|
|a Brylinger, Nikolaus,
|d asi 1515-1565
|4 prt
|9 172615
|
| 710 |
0 |
|
|a Brylinger, Nikolaus (Bazilej, Švajčiarsko),
|d 1537-1565
|9 305287
|
| 752 |
|
|
|a Švajčiarsko
|d Bazilej
|
| 852 |
|
|
|a snk
|b Historické fondy
|p IE 8843
|
| 958 |
|
|
|a DA
|
| 958 |
|
|
|a ONDV
|
| 999 |
|
|
|c 1037137
|d 1039067
|
| 952 |
|
|
|t Tlače 16. stor.
|a SNK
|b SNK
|c SNK_HF
|y PREZ
|7 0
|p 17A1395199
|o snkIE 8843
|i snkK 2233/87
|8 3
|0 0
|1 0
|4 0
|d 2020-05-20
|f 1
|l 0
|r 2026-02-24 14:12:58
|w 2026-02-24
|